Analýza implementácie TCP/IP protokolového zásobníka

Salvato in:
Dettagli Bibliografici
Autore principale: Farkaš, Adrien (Autore)
Altri autori: Bernát, Dušan, 1977- (Relatore della tesi)
Natura: Manoscritto Libro
Lingua:slovacco
Pubblicazione: Bratislava : STU v Bratislave FIIT, 2005
Soggetti:
Tags: Aggiungi Tag
Nessun Tag, puoi essere il primo ad aggiungerne!!

MARC

LEADER 00000ntm a22000003a 4500
001 stu141335
005 20190304173649.2
008 070515s2005----xo------------------slo-d
040 |a STU  |b slo 
041 0 |a slo 
044 |a xo 
100 1 |a Farkaš, Adrien  |4 aut 
245 1 |a Analýza implementácie TCP/IP protokolového zásobníka 
260 |a Bratislava :  |b STU v Bratislave FIIT,  |c 2005 
300 |a 53 s  |c príl. 
650 7 |a počítačové systémy a siete  |2 stusub 
700 1 |a Bernát, Dušan,  |d 1977-  |4 ths  |u 070400  |U FIIT Fakulta informatiky a informačných technológií  |T FIIT Ústav počítačového inžinierstva a aplikovanej informatiky  |X 1887  |U I400  |Y 672  |7 1887 
996 |b IZP105/05  |c I*ZP105/05  |l II680  |s A  |a 24  |w stu141335_0001